| 000 | 01300cam a22003378i 4500 | ||
|---|---|---|---|
| 999 |
_c29305 _d29276 |
||
| 001 | 21431770 | ||
| 003 | EG-ScBUE | ||
| 005 | 20210803100215.0 | ||
| 008 | 200213s2020 enk f b 001 0 eng d | ||
| 020 | _a9781509529476 | ||
| 040 |
_aDLC _beng _erda _cDLC _dDLC _dEG-ScBUE |
||
| 082 | 0 | 4 |
_a303.38 _bWEA _222 |
| 100 | 1 |
_aWeakliem, David L., _eauthor. |
|
| 245 | 1 | 0 |
_aPublic opinion / _cDavid L. Weakliem. |
| 264 | 1 |
_aCambridge, UK ; _aMedford, MA : _bPolity Press, _c2020. |
|
| 300 |
_aviii, 184 pages ; _c21 cm. |
||
| 336 |
_atext _btxt _2rdacontent |
||
| 337 |
_aunmediated _bn _2rdamedia |
||
| 338 |
_avolume _bnc _2rdacarrier |
||
| 490 | 0 | _aPolitical sociology series | |
| 504 | _aIncludes bibliographical references and index. | ||
| 520 |
_a"Why your opinions are not necessarily your own"-- _cProvided by publisher. |
||
| 650 | 7 |
_aPublic opinion. _2BUEsh |
|
| 653 |
_bGGEN _cAugust2021 |
||
| 655 |
_vReading book _934232 |
||
| 776 | 0 | 8 |
_iOnline version: _aWeakliem, David L. _tPublic opinion _dCambridge, UK ; Medford, MA : Polity Press, 2020. _z9781509529490 _w(DLC) 2020000115 |
| 906 |
_a7 _bcbc _corignew _d1 _eecip _f20 _gy-gencatlg |
||
| 942 |
_2ddc _cBB |
||